Κατάλογος Βιβλιοθηκών Mediterranean College

Μπαουχάους (Record no. 5496)

MARC details
000 -LEADER
fixed length control field 01968cam a22002054a 4500
005 - ΗΜΕΡΟΜΗΝΙΑ ΚΑΙ ΩΡΑ ΤΕΛΕΥΤΑΙΑΣ ΕΝΗΜΕΡΩΣΗΣ
Πεδίο ελέγχου 20250605164213.0
008 - FIXED-LENGTH DATA ELEMENTS--GENERAL INFORMATION
Πεδίο ελέγχου σταθερού μήκους 250528s ||||||||||||||||||||||||d
035 ## - SYSTEM CONTROL NUMBER
System control number 20381
020 ## - ISBN
ISBN 9603291870
040 ## - ΠΗΓΗ ΚΑΤΑΛΟΓΟΓΡΑΦΗΣΗΣ
Φορέας πρωτότυπης καταλογογράφησης MC Athens Campus Library
Γλώσσα καταλογογράφησης Ελληνικά, Μοντέρνα (1453-)
Modifying agency MC Athens Campus Library
Κανόνες περιγραφικής καταλογογράφησης AACR2
245 1# - ΤΙΤΛΟΣ ΚΑΙ ΔΗΛΩΣΗ ΥΠΕΥΘΥΝΟΤΗΤΑΣ
Τίτλος Μπαουχάους
260 ## - PUBLICATION, DISTRIBUTION, ETC.
Name of publisher, distributor, etc. Υποδομή,
Date of publication, distribution, etc. 1993
300 ## - PHYSICAL DESCRIPTION
Extent 216
505 0# - FORMATTED CONTENTS NOTE
Formatted contents note Στόχοι και Φιλοδοξίες, Οι Τέχνες και η Αρχιτεκτινική και οι Ακαδημίες, Μεταρυθμίσεις στη Διδασκαλία, Ο Ιδρυτής, Προβλήματα, Οι Πρώτοι Διορισμοί, Οι Σπουδαστές, Επιτεύγματα, Νέες Αφίξεις, Η Προκαταρτική Τάξη: Χρώμα και Μορφή, Η Ολλανδοποίηση, Προς μία ενότητα: Μοχόλυ-Νάγκυ και Άλμπερσ, Το Δημόσιο Πρόσωπο, Ντεσάου, Νέα Γενιά Δασκάλων, Νέος Διευθυντής, Το Πικρό Τέλος, Κρίσεις, Κείμενα. Σημειώσεις, Βιβλιογραφία.
520 ## - SUMMARY, ETC.
Summary, etc. Στόχοι και Φιλοδοξίες, Οι Τέχνες και η Αρχιτεκτινική και οι Ακαδημίες, Μεταρυθμίσεις στη Διδασκαλία, Ο Ιδρυτής, Προβλήματα, Οι Πρώτοι Διορισμοί, Οι Σπουδαστές, Επιτεύγματα, Νέες Αφίξεις, Η Προκαταρτική Τάξη: Χρώμα και Μορφή, Η Ολλανδοποίηση, Προς μία ενότητα: Μοχόλυ-Νάγκυ και Άλμπερσ, Το Δημόσιο Πρόσωπο, Ντεσάου, Νέα Γενιά Δασκάλων, Νέος Διευθυντής, Το Πικρό Τέλος, Κρίσεις, Κείμενα. Σημειώσεις, Βιβλιογραφία.
700 1# - ΠΡΟΣΘΕΤΗ ΑΝΑΓΡΑΦΗ--ΦΥΣΙΚΟ ΠΡΟΣΩΠΟ
Personal name Ουίτφορντ Φράνκ
9 (RLIN) 6364
942 ## - ADDED ENTRY ELEMENTS (KOHA)
Koha item type Books
Holdings
Τύπος τεκμηρίου Βιβλιοθήκη Τρέχουσα τοποθεσία Barcode Αριθμός εισαγωγής Ημερομηνία απόκτησης Ταξιθετικό σύμβολο Αριθμός αντιτύπου Κατάσταση απόσυρσης Κατάσταση χαμένου Κατάσταση κατεστραμμένου Μη δανεισμός Σύνολο δανεισμών Ημερομηνία τελευταίας εμφάνισης Η τιμή ισχύει από
Books MC Athens Campus Library MC Athens Campus Library 9780000054951 6849 05/06/2025 707.1143 WHI 1           05/06/2025 05/06/2025

MC Athens Campus Library
Πατησίων 94 & Κοδριγκτώνος 13, 104 34
Πελλήνης 8 & Πατησίων 107, 112 51
Τ: +30 210 8899600

MC Thessaloniki Campus Library
Ίωνος Δραγούμη 21, 54625 | Ίωνος Δραγούμη 15, 54625
Τ: +30 2310 287779 – Τ: +30 2314 440300